1998 1634 1054 1033 1202 1132 1134 1206 1459 1853 1540 1985 1244 1138 1206 1538 1117 1340 1289 1477 1929 1742 1084 1610 1481 1889 1895 1669 1806 1989 1534 1216 1699 1824 1930 1480 1910 1923 1169 1538 1994 1672 1299 1027 1147 1118 1544 1333 1890 1230 1457 1679 1933 1361 1132 1752 1325 1014 1765 1731 1058 1594 1182 1845 1083 1893 1786 1908 1171 1820 1167 1430 1996 1117 1486 1672 1697 1145 1193 1952 1064 1818 1415 1568 1994 1891 1959 1653 1765 1713 1619 1795 1652 1195 1931 1122 1991 1845 1665 BCNSPRNW ULIB Ver.6.0+V

เปลี่ยนเป็นภาษาไทย

Change to English
 แสดงรายละเอียดบรรณานุกรม
  กลับหน้าหลัก

Brief Record : Get Marc (ISO 2709) : E-mail record : QR code < ปิดหน้าต่าง
LEADER : 00000nam 2200000uu 4500
001    13399109884
003     ULIB
008    110418s2550||||th 000 0 tha d
020    9789747454758
060 04 WD300^bก344ค 2550
245 00 โรคหอบหืด-ภูมิแพ้ /^cเรียบเรียบโดย กองบรรณาธิการใกล้หมอ ;บรรณาธิการ เอื้อมพร สกุลแก้ว
246 14 คู่มือโรคหอบหืด-ภูมิแพ้
250    พิมพ์ครั้งที่ 1
260    กรุงเทพฯ :^bใกล้หมอ,^c2550
300    159 หน้า ;^c21 ซม.
650  7 หืด
650  7 ภูมิแพ้
700 0  เอื้อมพร สกุลแก้ว,^eบรรณาธิการ
710 2  กองบรรณาธิการใกล้หมอ
945    ^p165^l0^i021236
945    ^p165^l0^i021235
995    ทศพร
999 ^a ใช้งานได้ทุกระบบ
รายการนี้ยังไม่มีแท็ก
คุณยังไม่ได้ล็อกอิน คุณสามารถมีกิจกรรมร่วมกับเว็บไซต์ได้ แต่ต้องล็อกอินก่อน ::
  ล็อกอิน

รายการสื่อสารสนเทศ

ลำดับที่ ประเภท เลขเรียก/บาร์โค้ด สถานที่ สถานะ
- ไม่พบข้อมูล -

รายการใกล้เคียง
    หัวเรื่อง [หืด]
    หัวเรื่อง [ภูมิแพ้]

BibComment


ยังไม่เคยถูกคอมเมนท์

คอมเมนท์ทรัพยากรรายการนี้
  คอมเมนท์: โรคหอบหืดภูมิแพ้ ..


 Copyright 2026. Bcnsprnw @Library